UK Green Building Council (Record no. 77103)
[ view plain ]
| 000 -LEADER | |
|---|---|
| fixed length control field | 00791cab a2200181 4500 |
| 001 - CONTROL NUMBER | |
| control field | ##L133598 |
| 008 - FIXED-LENGTH DATA ELEMENTS--GENERAL INFORMATION | |
| fixed length control field | 060522n2006 000 0 eng u |
| 035 ## - SYSTEM CONTROL NUMBER | |
| System control number | (Sirsi) u133598 |
| 041 0# - LANGUAGE CODE | |
| Language code of text/sound track or separate title | eng |
| 245 00 - TITLE STATEMENT | |
| Title | UK Green Building Council |
| 260 ## - PUBLICATION, DISTRIBUTION, ETC. | |
| Date of publication, distribution, etc. | 2006 |
| 490 #0 - SERIES STATEMENT | |
| Series statement | Constructing the Future |
| Volume/sequential designation | (28) Summer 2006, 5-6(2) |
| 520 ## - SUMMARY, ETC. | |
| Summary, etc. | Looks at moves to establish a UK Green Building Council to act as a champion for green buildings and as a focus for developing and enhancing sustainable building design. Such councils already exist in the US and a number of other countries, and are credited with a rise in the number of buildings with low environmental impact. |
| 590 ## - LOCAL NOTE (RLIN) | |
| Local note | IKA230506 |
| 651 #4 - SUBJECT ADDED ENTRY--GEOGRAPHIC NAME | |
| Geographic name | United Kingdom |
| Chronological subdivision | |
| 690 ## - LOCAL SUBJECT ADDED ENTRY--TOPICAL TERM (OCLC, RLIN) | |
| Topical term or geographic name as entry element | BUILT ENVIRONMENT-SUSTAINABLE CONSTRUCTION |
| 942 ## - ADDED ENTRY ELEMENTS (KOHA) | |
| Suppress in OPAC | 0 |
| Withdrawn status | Lost status | Source of classification or shelving scheme | Damaged status | Not for loan | Home library | Current library | Shelving location | Date acquired | Total Checkouts | Full call number | Barcode | Date last seen | Copy number | Price effective from | Koha item type |
|---|---|---|---|---|---|---|---|---|---|---|---|---|---|---|---|
| Dewey Decimal Classification | London | London | Journal article | 22/05/2006 | L133598 | 133598-1001 | 06/08/2019 | 1 | 06/08/2019 | Journal article |